• 首页
  • 本馆介绍
  • 公告通知
  • 最新文献
  • 馆藏检索
  • 电子资源
  • 读者导购
  • 参考咨询
  • 我的图书馆
  • 登录
  • 详细信息显示
  • 放入我的书架
  • 预约/预借图书
  • 作者相关作品
  • 分类相关作品
  • 丛书相关作品
  • 出版社相关作品

书目信息

  • 表格格式
  • 工作单格式
  • 卡片格式
题名:
鸟和人
    
 
作者: 赫德逊 著 ;倪庆饩 译
分册:  
出版信息: 北京   中国大百科全书出版社  2019.06
页数: 29, 258页
开本: 20cm
丛书名:
单 册:
中图分类: Q959.7-49
科图分类:
主题词: 鸟类--niao lei--普及读物
电子资源:
ISBN: 978-7-5202-0503-0
000 01795nam0 2200277 450
001 0106081808
005 20201106082044.0
010    @a978-7-5202-0503-0@b精装@dCNY56.00
100    @a20190921d2019 demy0chiy50 ea
101 1  @achi@ceng
102    @aCN@b110000
105    @aa z 000yy
106    @ar
200 1  @a鸟和人@Aniao he ren@dBirds and man@f(英)威廉·亨利·赫德逊(William Henry Hudson)著@g倪庆饩译@zeng
210    @a北京@c中国大百科全书出版社@d2019.06
215    @a29, 258页@c图@d20cm
314    @a威廉·亨利·赫德逊(WilliamHenryHudson)(1841-1922),著名英国作家和博物学家。主要作品有《鸟和人》、《迈纳尔与飞鸟》等。
314    @a倪庆饩(1928-2018),湖南长沙人,著名翻译家,南开大学教授,出版译著近30部,在中国翻译史和英美文学研究方面颇有建树,代表作有赫胥黎《水滴的音乐会》,赫德逊长篇小说《绿厦》等。
330    @a本书是一本科普类散文集。本书是英国近代文学史上杰出的散文家威廉·亨利·赫德逊(184l~1922)的代表作之一。这位生于阿根廷的鸟类学家自1809年迁居英国,从事英国鸟类的调查研究,他历年的成果集结成多部散文集发表,《鸟和人》是其中的一部。赫德逊毕生写鸟,但他的作品并不雷同,因为他写同一种鸟时,时间和地点并不相同,或在同一时间,同一地点,写的是不同的鸟,犹如小说家写的同样是人,可是并不是同一个人。在赫德逊的笔下鸟的生态和故事是千姿百态的,没有两只一成不变的同类的鸟。这只能归结为作家缜密细微的观察和他的写作才能。赫德逊写的是文学的散文而不是科学的鸟类志。他写鸟,当然要写鸟的形态,生活习性,如觅食、育雏、迁徙等等,这通常是我们在鸟类学的专著和科普作品中也可以读到的。
510 1  @aBirds and man@zeng
606 0  @a鸟类@Aniao lei@j普及读物
690    @aQ959.7-49@v5
701  0 @c(英)@a赫德逊@Ahe de xun@c(Hudson, William Henry@f1841-1922)@4著
702  0 @a倪庆饩@Ani qing xi@f(1928-2018)@4译
801  0 @aCN@bBJSZM@c20201106
905    @b1191636-9@dQ959.7-49@e279@f4
    
    鸟和人=Birds and man/(英)威廉·亨利·赫德逊(William Henry Hudson)著/倪庆饩译.-北京:中国大百科全书出版社,2019.06
    29, 258页:图;20cm
    
    
    ISBN 978-7-5202-0503-0(精装):CNY56.00
    本书是一本科普类散文集。本书是英国近代文学史上杰出的散文家威廉·亨利·赫德逊(184l~1922)的代表作之一。这位生于阿根廷的鸟类学家自1809年迁居英国,从事英国鸟类的调查研究,他历年的成果集结成多部散文集发表,《鸟和人》是其中的一部。赫德逊毕生写鸟,但他的作品并不雷同,因为他写同一种鸟时,时间和地点并不相同,或在同一时间,同一地点,写的是不同的鸟,犹如小说家写的同样是人,可是并不是同一个人。在赫德逊的笔下鸟的生态和故事是千姿百态的,没有两只一成不变的同类的鸟。这只能归结为作家缜密细微的观察和他的写作才能。赫德逊写的是文学的散文而不是科学的鸟类志。他写鸟,当然要写鸟的形态,生活习性,如觅食、育雏、迁徙等等,这通常是我们在鸟类学的专著和科普作品中也可以读到的。
●
相关链接 在E读中查询图书 在五车中查询图书 在当当中查询图书 在豆瓣中查询图书


正题名:鸟和人     索取号:Q959.7-49/279         预约/预借

序号 登录号 条形码 馆藏地/架位号 状态 备注
1 1191636   211916364   第二样本阅览室/ [索取号:Q959.7-49/279] 在馆    
2 1191637   211916373   第三借阅区/ [索取号:Q959.7-49/279] 在馆    
3 1191638   211916382   第三借阅区/ [索取号:Q959.7-49/279] 在馆    
4 1191639   211916391   第三借阅区/ [索取号:Q959.7-49/279] 在馆    
唐山师范学院图书馆 欢迎您!
大连网信软件有限公司© 版权所有